| 000 | 00530nam a22001577a 4500 | ||
|---|---|---|---|
| 999 |
_c17200 _d17200 |
||
| 008 | 180924b xxu||||| |||| 00| 0 eng d | ||
| 020 | _a996698134 | ||
| 050 |
_aLB1031 _b.N36 2011 c.1 |
||
| 100 | _aNamwamba, Tom Destiny | ||
| 245 |
_aEssentials of Critical and Creative Thinking _cTom Destiny Namwamba |
||
| 260 |
_aNairobi _bNjigua Books _c2011 |
||
| 300 | _axi, 236p. | ||
| 650 |
_aThought and thinking _vStudy and Teaching |
||
| 650 | _aIndividualized Instruction | ||
| 942 |
_2lcc _cBK _hLB1031 |
||